Score 0/20 Timer 06:00
0 Plays Today
% Correct
Yev Kassem's Soup Stand
87.5%
Top of the Muffin to You!
83.6%
The Friar's Club
83.2%
Monk's Cafe
80.7%
The Chinese Restaurant
79.5%
Java World
75.5%
Poppie's
74.9%
H&H Bagels
73.2%
Reggie's Diner
70.9%
Hop Sing's
66.9%
% Correct
The Dream Café
66.6%
Mendy's
66.2%
China Panda
65.3%
The Dixieland Deli
60.5%
Paisano's
53.3%
Mario's Pizza
52.3%
Lorenzo's Pizzeria
44.9%
Pomodoro
42.5%
Isabella's
35.2%
Pfeiffer's
23.1%

You're not logged in!

Compare scores with friends on all Sporcle quizzes.
OR
Log In

Sporcle TV

Today on Sporcle TV


Watch our educational content, quiz creation guides, and fun videos on Sporcle TV.

Show Comments

Extras

Top Quizzes Today


Score Distribution

Paid Content

Your Account Isn't Verified!

In order to create a playlist on Sporcle, you need to verify the email address you used during registration. Go to your Sporcle Settings to finish the process.

Report this User

Report this user for behavior that violates our Community Guidelines.

Details: